Malditas matemáticas : (Registro nro. 13338)

Detalles MARC
000 -LIDER
fixed length control field 01172nam a22003737a 4500
001 - NÚMERO DE CONTROL
Identificador de número de control 1600580
003 - IDENTIFICACDOR DE NÚMERO DE CONTROL
control field DO-SdBNP
005 - DATE AND TIME OF LATEST TRANSACTION
control field 20180226095648.0
006 - DATOS DE LONGITUD FIJA / CARACTERÍSTICAS ADICIONALES MATERIAL CHARACTERISTICS
fixed length control field 1600580
008 - ELEMENTOS DE LONGITUD FIJA
fixed length control field 161103b 2005 sp a 00| 0 spa d
017 ## - NÚMERO DE REGISTRO DE DERECHOS DE AUTOR
Copyright or legal deposit number
Assigning agency
020 ## - ISBN
International Standard Book Number 8420464953
035 ## - NÚMERO LOCAL
System control number
040 ## - FUENTE DE CATALOGACIÓN
Agencia que crea de manera original el registro BPMSU
Idioma de catalogación spa
Agencia que realiza la transcripción BPMSU
Convenciones de la despripción
080 #0 - NÚMERO DE CLASIFICACIÓN DECIMAL UNIVERSAL
Universal Decimal Classification number
082 ## - NÚMERO DE CLASIFICACIÓN DECIMAL DE DEWEY
Classification number 853.91
Item number F797m, 2005
100 1# - ASIENTO PRINCIPAL -- NOMBRE PERSONAL
Nombre personal Frabetti, Carlo
Fechas asociadas con el nombre 1945-
245 10 - MENCIÓN DE TITULO
Título Malditas matemáticas :
Subtítulo Alicia en el país de los números /
Mención de responsabilidad Carlo Frabetti ; ilustraciones de Joaquín Marín
Medio (Designación general de material)
246 13 - VARIACION DEL TÍTULO
Título propiamente dicho o título corto Alicia en el país de los números
Subtítulo
250 ## - MENCIÓN DE EDICION
Mención de edición 11a. ed.
260 ## - PUBLICACIÓN, DISTRIBUCIÓN, ETC. (PIE DE IMPRENTA)
Lugar de publicación, distribución, etc Madrid :
Nombre del editor, distribuidor, etc. Editorial Alfaguara,
Fecha de publicación, distribución, etc 2005.
300 ## - DESCRIPCIÓN FÍSICA
Extensión 131 p. :
Otros detalles físicos il.;
Dimensiones 22 cm
490 ## - MENCIÓN DE SERIES
Mención de serie Alfaguara juvenil
500 ## - NOTA GENERAL
Nota general Incluye datos biográficos del autor
650 ## - ENCABEZAMIENTO DE MATERIA--TEMÁTICO
Término temático o nombre geográfico como elemento de entrada LITERATURA JUVENIL ITALIANAS
650 ## - ENCABEZAMIENTO DE MATERIA--TEMÁTICO
Término temático o nombre geográfico como elemento de entrada CUENTOS JUVENILES ITALIANOS
650 ## - ENCABEZAMIENTO DE MATERIA--TEMÁTICO
Término temático o nombre geográfico como elemento de entrada MATEMÁTICAS
Subdivisión de forma CUENTOS JUVENILES
700 1# - ASIENTO SECUNDARIO -- NOMBRE PERSONAL
Término de relación
Nombre personal Marín, Joaquín
Mención de responsabilidad il.
740 ## - ASIENTO SECUNDARIO DE TÍTULOS RELACIONADOS O ANALÍTICOS NO CONTROLADOS
Título analítico o relacionado no controlado Alicia en el país de los números
830 ## - ASIENTO SECUNDARIO DE SERIE--TÍTULO UNIFORME
Título uniforme Alfaguara juvenil
942 ## - ADDED ENTRY ELEMENTS (KOHA)
Source of classification or shelving scheme Dewey Decimal Classification
Koha item type Libros
945 ## - INFORMACIÓN DE PROCESAMIENTO LOCAL
Información de procesamiento local Inventariado, 2018/ YL
956 ## - LOCAL ELECTRONIC LOCATION AND ACCESS (OCLC)
Nombre de host YLOCKWARD
Número de acceso 10
Información de compresión BPMSU
Materiales especificados 20180226
Existencias
Withdrawn status Lost status Source of classification or shelving scheme Damaged status Not for loan Collection code Home library Current library Date acquired Source of acquisition Total Checkouts Full call number Barcode Date last seen Price effective from Koha item type
    Dewey Decimal Classification     Colección Infantil General Biblioteca Pública Metropolitana Salomé Ureña Biblioteca Pública Metropolitana Salomé Ureña 02/26/2018 Donado por Fundi   853.91 F797m, 2005 BPMSU18020266 02/26/2018 02/26/2018 Libros